| 000 -LEADER |
| fixed length control field |
01980pab a2200217 454500 |
| 008 - FIXED-LENGTH DATA ELEMENTS--GENERAL INFORMATION |
| fixed length control field |
180718b2012 xxu||||| |||| 00| 0 eng d |
| 100 ## - MAIN ENTRY--PERSONAL NAME |
| Personal name |
Mouraviev, Nikolai |
| 245 ## - TITLE STATEMENT |
| Title |
Concessionary nature of public-private partnerships in Russia and Kazakhstan: A critical review |
| 260 ## - PUBLICATION, DISTRIBUTION, ETC. |
| Date of publication, distribution, etc. |
2012 |
| 300 ## - PHYSICAL DESCRIPTION |
| Extent |
p.410-420. |
| 362 ## - DATES OF PUBLICATION AND/OR SEQUENTIAL DESIGNATION |
| Dates of publication and/or sequential designation |
May |
| 520 ## - SUMMARY, ETC. |
| Summary, etc. |
This article provides a critical overview of Public-Private Partnerships (PPPs) in Russia and Kazakhstan and examines the rationale underpinning such partnerships. The analysis discusses the reasons why governments in Russia and Kazakhstan focus principally on concessions as a form of PPP and goes on to provide a critical assessment of the key approaches and situational factors relating to concessions in these two countries. The article finds that external globalization impulses pressed Russia and Kazakhstan to align their policies and institutions with western orthodoxy and perceived international best practice. An ever-increasing emphasis on use of PPPs has been a key feature of this alignment. However, the governments of Russia and Kazakhstan have increasingly resorted to concessions as progress with the development and implementation of Western style PPP models has stalled. This article concludes that the governments of Russia and Kazakhstan have demonstrated an overly optimistic approach to PPP and as a result may have substantially understated their overall concessional risks and costs. Features of Russian and Kazakhstani PPP arrangements such as ambiguity in output specification and extensive reliance on government subsidies, combined with lack of expertise of private partners, may significantly decrease concession benefits. - Reproduced. |
| 650 ## - SUBJECT ADDED ENTRY--TOPICAL TERM |
| Topical term or geographic name entry element |
Globalization |
| 650 ## - SUBJECT ADDED ENTRY--TOPICAL TERM |
| Topical term or geographic name entry element |
Public policy |
| 650 ## - SUBJECT ADDED ENTRY--TOPICAL TERM |
| Topical term or geographic name entry element |
Public private partnerships |
| 700 ## - ADDED ENTRY--PERSONAL NAME |
| Personal name |
Robinson, Izabela |
| 700 ## - ADDED ENTRY--PERSONAL NAME |
| Personal name |
Kakabadse, Nada |
| 773 ## - HOST ITEM ENTRY |
| Main entry heading |
International Journal of Public Administration |
| 908 ## - PUT COMMAND PARAMETER (RLIN) |
| Put command parameter |
N |
| 909 ## - |
| -- |
97162 |